| 000 | 00890nam a22002537a 4500 | ||
|---|---|---|---|
| 005 | 20091028134253.0 | ||
| 008 | 091028t xxu||||| |||| 00| 0 eng d | ||
| 010 | _aENG-95237 | ||
| 020 |
_a9780070670402 _c150.00 |
||
| 020 |
_a0070670404 _c150.00 |
||
| 035 | _aEN-78770 | ||
| 037 | _bDBAD/PUB | ||
| 040 | _aDPL | ||
| 082 | _a651.3 | ||
| 100 | _aBalachandran, V. | ||
| 245 |
_aOffice management / _cby V. Blalchandran, V. Chandrasekaran |
||
| 260 |
_aNew Delhi _bTata McGraw Hill Education _c2009 |
||
| 270 |
_a7, West Patel Nagar _bNew Delhi _e110008 |
||
| 300 |
_axi, 258 p. _c22cm.(Pbk).) |
||
| 500 | _aIncludes Index | ||
| 700 | _aChandrsekaran, V. | ||
| 942 |
_2ddc _cEN _mBAL _h651.3 |
||
| 999 |
_c31096 _d31096 |
||